Sports Quiz

Random Sports or Football Quiz

NFL 80+ Career Touchdowns Quiz Stats

 Plays Quiz not verified by Sporcle

Support Sporcle.
Go Orange.
Score 0/64 Timer 09:00
0 Plays Today
Last Season Player % Correct
2004Jerry Rice
94.9%
2004Emmitt Smith
88.3%
2016Steve Smith
87.4%
2015Calvin Johnson
82.6%
1965Jim Brown
82.2%
2019Antonio Brown
82.1%
2004Tim Brown
81.7%
1984Pete Johnson
81.6%
2012Randy Moss
81.1%
2011LaDainian Tomlinson
75.3%
1998Barry Sanders
74.6%
2010Terrell Owens
71.4%
1984Franco Harris
69%
1987Walter Payton
65.6%
2013Tony Gonzalez
65.4%
2019Adrian Peterson
64.7%
2019Larry Fitzgerald
64%
2008Marvin Harrison
62%
2019Frank Gore
60%
2018Rob Gronkowski
59.6%
2005Marshall Faulk
57.3%
2000Thurman Thomas
55.8%
2008Shaun Alexander
53.7%
2002Cris Carter
53.3%
2018Antonio Gates
53.2%
2005Jerome Bettis
52.2%
2014Reggie Wayne
50.9%
1997Marcus Allen
50%
2005Curtis Martin
48%
2009Isaac Bruce
47.7%
1989Steve Largent
46.4%
1993Eric Dickerson
45.8%
Last Season Player % Correct
2009Edgerrin James
45.8%
2007Priest Holmes
42.7%
1967Jim Taylor
42.2%
2019Marshawn Lynch
42.1%
1977Charley Taylor
42.1%
2000Andre Reed
39.8%
2011Hines Ward
38.4%
1985John Riggins
38.1%
1988Tony Dorsett
37.5%
2019LeSean McCoy
33.7%
1992Ottis Anderson
32.7%
2006Corey Dillon
29.9%
2010Clinton Portis
29.4%
2016Anquan Boldin
28.4%
1997Herschel Walker
25.9%
2014Maurice Jones-Drew
24.4%
1967Lenny Moore
23.2%
2018Brandon Marshall
21%
2001Ricky Watters
20.7%
1993Mark Clayton
20.6%
1945Don Hutson
18.6%
1972Lance Alworth
17%
1973Don Maynard
16.7%
2000Andre Rison
15.8%
2000Irving Fryar
12.8%
1973Leroy Kelly
10%
1977Paul Warfield
9.4%
1968Bobby Mitchell
8.3%
1963Joe Perry
7.2%
2010Joey Galloway
6.8%
1968Tommy McDonald
4%
1968Art Powell
2.3%

You're not logged in!

Compare scores with friends on all Sporcle quizzes.
OR
Log In

From the Vault

Letter Pyramid - European Capitals

by PenguinsMeercats

Yes, you can consider this a blueprint for your architectural adventures.
Remove Ads.
Support Sporcle.
Get the best of Sporcle when you Go Orange. This ad-free experience offers more features, more stats, and more fun while also helping to support Sporcle. Thank you for becoming a member.

Show Comments

Extras

Top Quizzes Today


Score Distribution

Your Account Isn't Verified!

In order to create a playlist on Sporcle, you need to verify the email address you used during registration. Go to your Sporcle Settings to finish the process.

Report this User

Report this user for behavior that violates our Community Guidelines.

Details: